000 01023nam a2200217Ia 4500
003 Ost
005 20260507075431.0
008 260507s9999||||xx |||||||||||||| ||und||
040 _cfsecg
041 _aara
082 _a339.49
100 _aمصطفى، احمد فريد
_eمؤلف
245 0 _aالموارد الإقتصادية /
_c احمد فريد مصطفى
260 _aالاسكندرية:
_bمؤسسة شباب الجامعة,
_c2006
300 _a212 صفحة؛
_bإيضاحات ؛
_c24 سم
504 _aببليوغرافيا: ص.211-212
520 _aيضم الموارد الطبيعية (الانتاج الزراعي)، الانتاج الصناعي، الانتاج الاستخراجي (البترول)، الموارد البشرية، الموارد التمويلية، الموارد الاقتصادية ومكونات الناتج القومي، تخصيص الموارد
653 _aالقوى العاملة
653 _aالموارد الاقتصادية
942 _cكتاب
999 _c44516
_d44516